Statistics for 15 Biggest Cities in the USA in 1900 (map quiz)

Click here to take the quiz!

General Stats

  • This quiz has been taken 1,717 times
  • The average score is 13 of 15

Answers on the Map

Answers color-coded by a green-red scale on the quiz's map according to % correct below.
 

Answer Stats

PopCities% Correct
3.43 mNew York City
99%
1.70 mChicago
98%
560 kBoston
96%
343 kSan Francisco
96%
286 kDetroit
94%
287 kNew Orleans
94%
1.29 mPhiladelphia
93%
278 kWashington
93%
509 kBaltimore
85%
392 kCleveland
84%
575 kSt. Louis
81%
352 kBuffalo
80%
321 kPittsburgh
80%
285 kMilwaukee
78%
325 kCincinnati
75%

Score Distribution

Percentile by Number Answered

Percent of People with Each Score

Your Score History

You have not taken this quiz